000 00200nam a2200073Ia 4500
999 _c8371
_d8371
003 OSt
005 20190515112505.0
008 170524s9999 xx 000 0 und d
040 _cIIMT UNIVERSITY
100 _aVARSHNEY R.L
245 0 _aINTERNATIONAL FINANCIAL MANAGEMENT
260 _bnew delhi : Sultan chand
300 _a530
942 _2ddc
_c02